[Event "Guimaraes Open 2019"]
[Site "Guimaraes"]
[Date "2019.08.31"]
[Round "5.32"]
[White "Tevar Becerra, Alvaro"]
[Black "Areal, Maria Beatriz Moura"]
[Result "1-0"]
[WhiteElo "1990"]
[BlackElo "1141"]
[Annotator "NA"]
[PlyCount "59"]
[EventDate "2019.08.28"]
[EventType "swiss"]
[EventCountry "POR"]
[SourceTitle "playchess.com"]
[Source "ChessBase"]
[SourceQuality "1"]
[TimeControl "5400+30"]

1. e4 {[%emt 0:01:06]} c5 {[%emt 0:00:00]} 2. Nf3 {[%emt 0:00:05]} Nc6 {[%emt 0:00:28]} 3. Bb5 {[%emt 0:00:09]} g6 {[%emt 0:02:34]} 4. O-O {[%emt 0:00:08]} Bg7 {[%emt 0:00:22]} 5. Re1 {[%emt 0:00:01]} Qb6 {[%emt 0:02:03]} 6. Bxc6 {[%emt 0:01:06]} Qxc6 {[%emt 0:03:54]} 7. c3 {[%emt 0:00:05]} Nf6 {[%emt 0:08:43]} 8. e5 {[%emt 0:00:06]} Nd5 {[%emt 0:01:00]} 9. d4 {[%emt 0:00:02]} cxd4 {[%emt 0:01:40]} 10. Nxd4 {[%emt 0:00:28]} Qa6 {[%emt 0:05:20]} 11. Nf5 {[%emt 0:01:05]} gxf5 {[%emt 0:02:09]} 12. Qxd5 {[%emt 0:00:09]} Qg6 {[%emt 0:02:37]} 13. Bf4 {[%emt 0:00:39]} O-O {[%emt 0:00:58]} 14. Nd2 {[%emt 0:00:06]} Rb8 {[%emt 0:01:24]} 15. Re3 {[%emt 0:00:19]} Qb6 {[%emt 0:01:43]} 16. Nc4 {[%emt 0:00:35]} Qd8 {[%emt 0:02:44]} 17. Rg3 {[%emt 0:00:18]} Kh8 {[%emt 0:01:48]} 18. Qd3 {[%emt 0:00:38]} e6 {[%emt 0:01:47]} 19. Bg5 {[%emt 0:00:31]} Qc7 {[%emt 0:01:22]} 20. Bf6 {[%emt 0:00:07]} Bxf6 {[%emt 0:01:33]} 21. exf6 {[%emt 0:00:02]} d5 {[%emt 0:07:23]} 22. Rg7 {[%emt 0:00:12]} Rg8 {[%emt 0:01:41]} 23. Rxg8+ {[%emt 0:03:15]} Kxg8 {[%emt 0:00:07]} 24. Nd2 {[%emt 0:01:58]} Qe5 {[%emt 0:03:56]} 25. c4 {[%emt 0:00:16]} Ra8 {[%emt 0:08:58]} 26. cxd5 {[%emt 0:00:37]} exd5 {[%emt 0:01:13]} 27. Qb5 {[%emt 0:03:10]} a6 {[%emt 0:07:16]} 28. Qb6 {[%emt 0:00:22]} Qe8 {[%emt 0:09:07]} 29. Qc7 {[%emt 0:00:19]} Qd7 {[%emt 0:00:36]} 30. Qg3+ {[%emt 0:00:05]} 1-0

[Event "Guimaraes Open 2019"]
[Site "Guimaraes"]
[Date "2019.08.31"]
[Round "5.33"]
[White "Torrijos Garcia, Borja"]
[Black "Mendes, Bruno Daniel Durães "]
[Result "1-0"]
[WhiteElo "2153"]
[BlackElo "1442"]
[Annotator "NA"]
[PlyCount "87"]
[EventDate "2019.08.28"]
[EventType "swiss"]
[EventCountry "POR"]
[SourceTitle "playchess.com"]
[Source "ChessBase"]
[SourceQuality "1"]
[TimeControl "5400+30"]

1. c4 {[%emt 0:00:00]} e6 {[%emt 0:03:33]} 2. g3 {[%emt 0:00:00]} Nf6 {[%emt 0:00:57]} 3. Bg2 {[%emt 0:00:10]} d5 {[%emt 0:00:38]} 4. Nf3 {[%emt 0:00:44]} Be7 {[%emt 0:01:07]} 5. O-O {[%emt 0:00:25]} O-O {[%emt 0:00:51]} 6. b3 {[%emt 0:00:53]} b6 {[%emt 0:01:54]} 7. Bb2 {[%emt 0:00:33]} Bb7 {[%emt 0:00:32]} 8. Qc2 {[%emt 0:01:56]} h6 {[%emt 0:01:49]} 9. d4 {[%emt 0:03:52]} Nbd7 {[%emt 0:02:14]} 10. Nc3 {[%emt 0:01:38]} c6 {[%emt 0:03:06]} 11. e4 {[%emt 0:07:32]} dxe4 {[%emt 0:02:50]} 12. Nxe4 {[%emt 0:00:33]} Qc7 {[%emt 0:01:54]} 13. Nc3 {[%emt 0:13:01]} Rfe8 {[%emt 0:09:50]} 14. Rfe1 {[%emt 0:03:57]} Bf8 {[%emt 0:03:06]} 15. Re2 {[%emt 0:00:31]} a6 {[%emt 0:02:05]} 16. Rae1 {[%emt 0:07:56]} Rac8 {[%emt 0:02:04]} 17. h3 {[%emt 0:03:53]} Qb8 {[%emt 0:04:14]} 18. Nd2 {[%emt 0:10:55]} Qa8 {[%emt 0:02:36]} 19. Qd3 {[%emt 0:01:48]} Rcd8 {[%emt 0:05:32]} 20. a4 {[%emt 0:05:15]} Bb4 {[%emt 0:04:58]} 21. Na2 {[%emt 0:04:46]} Bxd2 {[%emt 0:10:10]} 22. Qxd2 {[%emt 0:00:16]} c5 {[%emt 0:01:56]} 23. Bxb7 {[%emt 0:00:11]} Qxb7 {[%emt 0:00:06]} 24. Qf4 {[%emt 0:05:49]} Qb8 {[%emt 0:03:57]} 25. Qe3 {[%emt 0:07:07]} Rc8 {[%emt 0:05:10]} 26. Nc1 {[%emt 0:04:00]} Red8 {[%emt 0:05:16]} 27. Nd3 {[%emt 0:01:11]} Ne8 {[%emt 0:04:32]} 28. Nf4 {[%emt 0:01:34]} Ndf6 {[%emt 0:01:16]} 29. Rd2 {[%emt 0:01:54]} Rd7 {[%emt 0:03:54]} 30. Red1 {[%emt 0:00:13]} Rcd8 {[%emt 0:00:30]} 31. Rd3 {[%emt 0:02:42]} Qc7 {[%emt 0:03:51]} 32. d5 {[%emt 0:04:59]} exd5 {[%emt 0:02:06]} 33. Nxd5 {[%emt 0:00:02]} Nxd5 {[%emt 0:02:13]} 34. Rxd5 {[%emt 0:00:02]} Rxd5 {[%emt 0:00:35]} 35. Rxd5 {[%emt 0:00:11]} Nd6 {[%emt 0:01:09]} 36. Be5 {[%emt 0:01:17]} f6 {[%emt 0:00:59]} 37. Bf4 {[%emt 0:00:13]} Kf7 {[%emt 0:01:14]} 38. Qd3 {[%emt 0:00:58]} Ke7 {[%emt 0:00:32]} 39. Qg6 {[%emt 0:01:09]} Kf8 {[%emt 0:01:32]} 40. Qd3 {[%emt 0:01:53]} Ke7 {[%emt 0:00:13]} 41. a5 {[%emt 0:00:53]} bxa5 {[%emt 0:01:04]} 42. Qh7 {[%emt 0:00:52]} Kf8 {[%emt 0:00:51]} 43. Bxh6 {[%emt 0:01:07]} gxh6 {[%emt 0:00:15]} 44. Qxc7 {[%emt 0:00:08]} 1-0

[Event "Guimaraes Open 2019"]
[Site "Guimaraes"]
[Date "2019.08.31"]
[Round "5.34"]
[White "Ribeiro, Orlando Camilo Duart"]
[Black "Fidalgo, Daniel Neves"]
[Result "0-1"]
[WhiteElo "1621"]
[BlackElo "2089"]
[Annotator "NA"]
[PlyCount "61"]
[EventDate "2019.08.28"]
[EventType "swiss"]
[EventCountry "POR"]
[SourceTitle "playchess.com"]
[Source "ChessBase"]
[SourceQuality "1"]
[TimeControl "5400+30"]

1. e4 {[%emt 0:17:15]} e6 {[%emt 0:00:00]} 2. d4 {[%emt 0:00:03]} d5 {[%emt 0:00:00]} 3. Nc3 {[%emt 0:00:04]} Nf6 {[%emt 0:00:00]} 4. e5 {[%emt 0:00:03]} Nfd7 {[%emt 0:00:00]} 5. f4 {[%emt 0:00:04]} c5 {[%emt 0:00:02]} 6. Nf3 {[%emt 0:00:04]} Nc6 {[%emt 0:00:06]} 7. Be3 {[%emt 0:00:05]} a6 {[%emt 0:00:06]} 8. Qd2 {[%emt 0:00:06]} cxd4 {[%emt 0:00:07]} 9. Nxd4 {[%emt 0:00:01]} Nxd4 {[%emt 0:00:10]} 10. Bxd4 {[%emt 0:00:07]} Bc5 {[%emt 0:00:04]} 11. O-O-O {[%emt 0:00:05]} O-O {[%emt 0:00:06]} 12. Qf2 {[%emt 0:00:43]} Qc7 {[%emt 0:00:07]} 13. Bd3 {[%emt 0:00:06]} Bxd4 {[%emt 0:00:05]} 14. Qxd4 {[%emt 0:00:07]} b5 {[%emt 0:00:06]} 15. Rhf1 {[%emt 0:10:00]} Rb8 {[%emt 0:04:18]} 16. Rf3 {[%emt 0:02:53]} Qc5 {[%emt 0:13:46]} 17. Rh3 {[%emt 0:05:46]} g6 {[%emt 0:00:21]} 18. Ne2 {[%emt 0:01:25]} a5 {[%emt 0:05:10]} 19. Qxc5 {[%emt 0:12:14]} Nxc5 {[%emt 0:00:09]} 20. Nd4 {[%emt 0:01:37]} Bd7 {[%emt 0:00:20]} 21. c3 {[%emt 0:04:06]} Rfc8 {[%emt 0:02:01]} 22. Bc2 {[%emt 0:01:42]} b4 {[%emt 0:09:35]} 23. Re1 {[%emt 0:12:07]} a4 {[%emt 0:03:37]} 24. Ne2 {[%emt 0:11:32]} Bb5 {[%emt 0:08:26]} 25. Ng1 {[%emt 0:03:55]} Bc4 {[%emt 0:01:12]} 26. Kb1 {[%emt 0:04:02]} b3 {[%emt 0:01:03]} 27. axb3 {[%emt 0:00:22]} axb3 {[%emt 0:00:02]} 28. Bd1 {[%emt 0:00:16]} Ra8 {[%emt 0:02:21]} 29. Be2 {[%emt 0:05:15]} Ra7 {[%emt 0:00:17]} 30. Kc1 {[%emt 0:01:25]} Ra1+ 31. Kd2 0-1

[Event "Guimaraes Open 2019"]
[Site "Guimaraes"]
[Date "2019.08.31"]
[Round "5.35"]
[White "Korning, Peter"]
[Black "Soares, Sara Joana De Moura "]
[Result "0-1"]
[WhiteElo "1972"]
[BlackElo "1597"]
[Annotator "NA"]
[PlyCount "90"]
[EventDate "2019.08.28"]
[EventType "swiss"]
[EventCountry "POR"]
[SourceTitle "playchess.com"]
[Source "ChessBase"]
[SourceQuality "1"]
[TimeControl "5400+30"]

1. Nf3 {[%emt 0:00:00]} Nf6 {[%emt 0:04:10]} 2. g3 {[%emt 0:00:00]} e6 {[%emt 0:00:52]} 3. Bg2 {[%emt 0:00:00]} d5 {[%emt 0:00:37]} 4. O-O {[%emt 0:00:03]} Be7 {[%emt 0:00:23]} 5. d3 {[%emt 0:02:10]} O-O {[%emt 0:02:09]} 6. Nbd2 {[%emt 0:00:08]} b6 {[%emt 0:01:19]} 7. e4 {[%emt 0:01:15]} dxe4 {[%emt 0:01:45]} 8. Ng5 {[%emt 0:01:30]} Bb7 {[%emt 0:03:30]} 9. Ndxe4 {[%emt 0:03:49]} Nxe4 {[%emt 0:05:58]} 10. Nxe4 {[%emt 0:00:21]} Kh8 {[%emt 0:07:11]} 11. Qh5 {[%emt 0:12:13]} Nc6 {[%emt 0:08:33]} 12. Ng5 {[%emt 0:05:05]} Bxg5 {[%emt 0:07:30]} 13. Bxg5 {[%emt 0:00:10]} f6 {[%emt 0:00:43]} 14. Be4 {[%emt 0:02:34]} g6 {[%emt 0:06:37]} 15. Bxg6 Qd7 {[%emt 0:00:23]} 16. Bd2 {[%emt 0:22:25]} Ne5 {[%emt 0:08:57]} 17. Be4 {[%emt 0:02:53]} Bxe4 {[%emt 0:01:08]} 18. dxe4 {[%emt 0:00:01]} Qxd2 {[%emt 0:00:22]} 19. Rad1 {[%emt 0:00:31]} Qg5 {[%emt 0:03:07]} 20. Qe2 {[%emt 0:00:58]} Qg7 {[%emt 0:00:29]} 21. f4 {[%emt 0:01:39]} Ng6 {[%emt 0:01:36]} 22. Kh1 {[%emt 0:05:41]} Rfd8 {[%emt 0:00:28]} 23. Rd3 {[%emt 0:01:59]} Qe7 {[%emt 0:01:57]} 24. Rfd1 {[%emt 0:01:40]} Rd6 {[%emt 0:03:16]} 25. h4 {[%emt 0:05:45]} Rad8 {[%emt 0:02:46]} 26. h5 {[%emt 0:00:22]} Rxd3 {[%emt 0:00:52]} 27. cxd3 {[%emt 0:01:17]} Nf8 {[%emt 0:00:17]} 28. g4 {[%emt 0:06:09]} e5 {[%emt 0:00:36]} 29. f5 {[%emt 0:01:42]} Rd4 {[%emt 0:01:16]} 30. Rg1 {[%emt 0:01:12]} Qd8 {[%emt 0:00:51]} 31. Rg3 {[%emt 0:00:22]} Nd7 {[%emt 0:01:28]} 32. b4 {[%emt 0:03:26]} Rxb4 {[%emt 0:01:34]} 33. g5 {[%emt 0:00:30]} fxg5 {[%emt 0:01:02]} 34. h6 {[%emt 0:02:10]} Nc5 {[%emt 0:01:47]} 35. Qh5 {[%emt 0:01:02]} Rb1+ {[%emt 0:03:08]} 36. Kh2 {[%emt 0:00:47]} Rb2+ {[%emt 0:00:33]} 37. Kh1 {[%emt 0:01:18]} Qf8 {[%emt 0:12:10]} 38. Rxg5 {[%emt 0:07:59]} Nxd3 {[%emt 0:01:46]} 39. Rg7 {[%emt 0:01:51]} Nf2+ {[%emt 0:01:08]} 40. Kg2 {[%emt 0:04:15]} Nxe4+ {[%emt 0:00:47]} 41. Kf3 {[%emt 0:00:45]} Nf6 {[%emt 0:00:31]} 42. Qg5 {[%emt 0:01:07]} e4+ {[%emt 0:02:03]} 43. Ke3 {[%emt 0:01:19]} Qa3+ {[%emt 0:00:29]} 44. Kf4 {[%emt 0:00:34]} Rf2+ {[%emt 0:00:10]} 45. Ke5 {[%emt 0:00:09]} Qd6# {[%emt 0:00:02] Kd4} 0-1

[Event "Guimaraes Open 2019"]
[Site "Guimaraes"]
[Date "2019.08.31"]
[Round "5.36"]
[White "Fonseca, Pedro Miguel Ramos D"]
[Black "Silva, Pedro Gil Ferreira D"]
[Result "0-1"]
[WhiteElo "1586"]
[BlackElo "1960"]
[Annotator "NA"]
[PlyCount "112"]
[EventDate "2019.08.28"]
[EventType "swiss"]
[EventCountry "POR"]
[SourceTitle "playchess.com"]
[Source "ChessBase"]
[SourceQuality "1"]
[TimeControl "5400+30"]

1. e4 {[%emt 0:00:00]} c6 {[%emt 0:00:20]} 2. Nc3 {[%emt 0:00:00]} d5 {[%emt 0:00:07]} 3. Nf3 {[%emt 0:00:00]} dxe4 {[%emt 0:00:16]} 4. Nxe4 {[%emt 0:00:06]} Nf6 {[%emt 0:00:04]} 5. Qe2 {[%emt 0:01:16]} Nxe4 {[%emt 0:03:41]} 6. Qxe4 {[%emt 0:00:03]} Nd7 {[%emt 0:01:53]} 7. Bc4 {[%emt 0:02:32]} e6 {[%emt 0:01:08]} 8. d4 {[%emt 0:03:11]} Nf6 {[%emt 0:01:13]} 9. Qe2 {[%emt 0:01:04]} Bd6 {[%emt 0:03:35]} 10. O-O {[%emt 0:04:58]} h6 {[%emt 0:02:05]} 11. Bd2 {[%emt 0:05:49]} O-O {[%emt 0:01:00]} 12. a3 {[%emt 0:02:04]} b6 {[%emt 0:07:46]} 13. Bb4 {[%emt 0:04:18]} Bb7 {[%emt 0:06:09]} 14. Rad1 {[%emt 0:09:42]} Bxb4 {[%emt 0:06:31]} 15. axb4 {[%emt 0:00:02]} Qc8 {[%emt 0:00:26]} 16. Ra1 {[%emt 0:06:19]} c5 {[%emt 0:03:57]} 17. bxc5 {[%emt 0:02:37]} bxc5 {[%emt 0:00:05]} 18. dxc5 {[%emt 0:01:52]} Qxc5 {[%emt 0:00:05]} 19. Bd3 {[%emt 0:08:08]} Rfd8 {[%emt 0:08:36]} 20. Nd2 {[%emt 0:04:14]} Rd4 {[%emt 0:17:21]} 21. Nb3 {[%emt 0:05:19]} Qd5 {[%emt 0:00:09]} 22. f3 {[%emt 0:00:36]} Rb4 {[%emt 0:03:51]} 23. Ra5 {[%emt 0:07:12]} Qc6 {[%emt 0:00:52]} 24. Ra3 {[%emt 0:06:44]} a5 {[%emt 0:02:11]} 25. Kh1 {[%emt 0:07:21]} a4 {[%emt 0:01:17]} 26. Nd2 {[%emt 0:00:12]} Rxb2 {[%emt 0:01:19]} 27. Nc4 {[%emt 0:00:46]} Rb4 {[%emt 0:00:25]} 28. c3 {[%emt 0:02:54]} Rb3 {[%emt 0:00:12]} 29. Rxb3 {[%emt 0:00:11]} axb3 {[%emt 0:00:03]} 30. Qb2 {[%emt 0:01:29]} Ba6 {[%emt 0:01:21]} 31. Qxb3 {[%emt 0:02:08]} Bxc4 {[%emt 0:00:25]} 32. Qxc4 {[%emt 0:01:00]} Qxc4 {[%emt 0:00:06]} 33. Bxc4 Rc8 {[%emt 0:00:07]} 34. Ba2 {[%emt 0:02:08]} Rxc3 {[%emt 0:00:04]} 35. Kg1 {[%emt 0:00:30]} g6 {[%emt 0:00:35]} 36. Rf2 {[%emt 0:02:13]} Nd7 {[%emt 0:00:47]} 37. Rd2 {[%emt 0:01:11]} Nc5 {[%emt 0:00:06]} 38. Kf2 {[%emt 0:02:59]} Kg7 {[%emt 0:00:38]} 39. Bb1 {[%emt 0:00:52]} Rb3 {[%emt 0:01:01]} 40. Bc2 {[%emt 0:01:09]} Rb2 {[%emt 0:00:13]} 41. Ke3 {[%emt 0:00:18]} Ra2 {[%emt 0:01:18]} 42. Bd1 {[%emt 0:00:29]} Ra3+ {[%emt 0:01:27]} 43. Kf2 {[%emt 0:00:24]} g5 {[%emt 0:01:20]} 44. Be2 {[%emt 0:00:42]} Rc3 {[%emt 0:00:27]} 45. Ra2 {[%emt 0:01:11]} Kf6 {[%emt 0:01:01]} 46. Rb2 {[%emt 0:00:52]} Ke5 {[%emt 0:01:03]} 47. Rb4 {[%emt 0:01:50]} Rc2 {[%emt 0:00:10]} 48. Rb5 {[%emt 0:01:43]} f5 {[%emt 0:00:34]} 49. g3 {[%emt 0:01:00]} Kd5 {[%emt 0:01:01]} 50. Rb8 {[%emt 0:00:49]} Ke5 {[%emt 0:02:02]} 51. Rb5 {[%emt 0:00:20]} Kf6 {[%emt 0:00:56]} 52. f4 {[%emt 0:00:40]} Na4 {[%emt 0:00:11]} 53. fxg5+ {[%emt 0:00:09]} hxg5 {[%emt 0:00:04]} 54. Rb3 {[%emt 0:00:11]} Nc3 {[%emt 0:00:05]} 55. Ke3 {[%emt 0:01:09]} Nxe2 {[%emt 0:00:04]} 56. Kd3 {[%emt 0:00:18]} Ke5 {Kd4+} 0-1

[Event "Guimaraes Open 2019"]
[Site "Guimaraes"]
[Date "2019.08.31"]
[Round "6.1"]
[White "Martinez Duany, Lelys Stanley"]
[Black "Grigoryan, Karen H."]
[Result "1/2-1/2"]
[WhiteElo "2526"]
[BlackElo "2562"]
[Annotator "ChessBase"]
[PlyCount "52"]
[EventDate "2019.08.28"]
[EventType "swiss"]
[EventCountry "POR"]
[SourceTitle "playchess.com"]
[Source "ChessBase"]
[SourceQuality "1"]
[TimeControl "5400+30"]

1. Nf3 {[%emt 0:00:00]} Nf6 {[%emt 0:01:15]} 2. c4 {[%emt 0:00:00]} c5 {[%emt 0:03:07]} 3. Nc3 {[%emt 0:00:32]} Nc6 {[%emt 0:00:09]} 4. g3 {[%emt 0:00:58]} d5 {[%emt 0:00:46]} 5. cxd5 {[%emt 0:00:30]} Nxd5 {[%emt 0:00:06]} 6. Bg2 {[%emt 0:00:32]} g6 {[%emt 0:01:03]} 7. d3 {[%emt 0:05:24]} Bg7 {[%emt 0:00:39]} 8. Bd2 {[%emt 0:00:18]} O-O {[%emt 0:00:13]} 9. O-O {[%emt 0:00:10]} e6 {[%emt 0:03:13]} 10. Qc1 {[%emt 0:00:47]} b6 {[%emt 0:01:07]} 11. Bh6 {[%emt 0:01:27]} Bb7 {[%emt 0:00:59]} 12. Bxg7 {[%emt 0:01:41]} Kxg7 {[%emt 0:00:06]} 13. a3 {[%emt 0:11:57]} Nd4 {[%emt 0:07:32]} 14. Nxd4 {[%emt 0:01:12]} cxd4 {[%emt 0:00:07]} 15. Nxd5 {[%emt 0:01:52]} Bxd5 {[%emt 0:00:07]} 16. Bxd5 {[%emt 0:04:19]} Qxd5 {[%emt 0:00:06]} 17. Qd2 {[%emt 0:00:09]} Rfc8 {[%emt 0:00:55]} 18. Rfc1 {[%emt 0:00:25]} a5 {[%emt 0:00:08]} 19. Rxc8 {[%emt 0:00:10]} Rxc8 {[%emt 0:00:03]} 20. Rc1 {[%emt 0:00:11]} Rxc1+ {[%emt 0:00:06]} 21. Qxc1 {[%emt 0:00:09]} Qb3 {[%emt 0:01:43]} 22. Kg2 {[%emt 0:00:22]} Qd5+ {[%emt 0:00:04]} 23. Kg1 {[%emt 0:00:31]} Qb3 {[%emt 0:00:05]} 24. Kg2 {[%emt 0:00:20]} Qd5+ {[%emt 0:00:04]} 25. Kg1 {[%emt 0:00:09]} Qb3 {[%emt 0:00:09]} 26. Kg2 {[%emt 0:00:11]} Qd5+ {[%emt 0:00:04]} 1/2-1/2

[Event "Guimaraes Open 2019"]
[Site "Guimaraes"]
[Date "2019.08.31"]
[Round "6.2"]
[White "Portela Peleteiro, Alberto"]
[Black "Lizak, Peter"]
[Result "0-1"]
[WhiteElo "2375"]
[BlackElo "2448"]
[Annotator "TA"]
[PlyCount "70"]
[EventDate "2019.08.28"]
[EventType "swiss"]
[EventCountry "POR"]
[SourceTitle "playchess.com"]
[Source "ChessBase"]
[SourceQuality "1"]

{[%evp 13,70,16,13,20,36,26,31,18,27,17,28,27,40,18,22,12,16,0,30,-59,-60,-66,-60,-62,-68,-67,-56,-70,-66,-80,-77,-92,-87,-100,-87,-94,-100,-92,-101,-119,-81,-81,-87,-147,-125,-227,-175,-241,-241,-252,-252,-252,-244,-431,-271,-494,-493,-692,-381]} 1. e4 e6 2. d4 d5 3. Nc3 Bb4 4. exd5 exd5 5. Bd3 Nc6 6. a3 Ba5 7. Nge2 Nge7 8. O-O {C01: French: Exchange Variation} Bg4 (8... O-O 9. Bg5 f6 10. Be3 Bf5 11. Nf4 Bxc3 12. bxc3 Qd7 13. c4 Bxd3 14. Qxd3 Rad8 15. Rab1 b6 16. Rb5 dxc4 17. Qxc4+ {0-1 (48) Hou,Y (2680)-Mamedyarov,S (2804) Wijk aan Zee 2018}) 9. f3 Bf5 10. Na4 {White is slightly better.} Bb6 11. Nxb6 axb6 12. Re1 O-O 13. Ng3 $146 ({Predecessor:} 13. Bg5 Bxd3 14. Qxd3 Qd7 15. Bxe7 Nxe7 16. Ng3 Rae8 17. Re3 Nc8 18. Nf5 Rxe3 19. Nxe3 Re8 20. Kf2 c6 21. b3 {½-½ (21) Malbran,G (2430)-Barria Zuniga,D (2305) Cordoba 1998}) 13... Bg6 14. Bg5 Qd7 15. h4 f6 16. Bf4 (16. Be3 $11) 16... Bxd3 $15 17. Qxd3 Ng6 $36 {[%mdl 2048] Black has good play.} 18. Bd2 Nxh4 19. Kf2 f5 20. Rh1 Ng6 $1 21. Rh5 {[%cal Rg3f5]} Nce7 22. Rah1 f4 23. Ne2 h6 24. c4 Rf6 25. cxd5 Nxd5 26. Qb3 c6 27. Nc3 {[%cal Rc3d5]} Nge7 28. R1h4 (28. Re5 $142) 28... Raf8 29. Ne4 (29. Re5 $17 {was worth a try.}) 29... Rf5 30. Rxf5 (30. Nc3 $142) 30... Nxf5 $19 31. Rxf4 Qe6 ({Less strong is} 31... Nxd4 32. Rxf8+ Kxf8 33. Qd3 $15) 32. Rxf5 Qxf5 33. Nd6 $2 {[#]} (33. Kg1 {keeps fighting.}) 33... Qe6 34. Bb4 $2 (34. Nc4) 34... Rf6 35. Nxb7 (35. Nc4 $142 Qe4 36. Qd1) 35... Qd7 {Accuracy: White = 35%, Black = 75%.} 0-1

[Event "Guimaraes Open 2019"]
[Site "Guimaraes"]
[Date "2019.09.01"]
[Round "6.3"]
[White "Lopez Mulet, Inigo"]
[Black "Martin Duque, Jesus"]
[Result "0-1"]
[WhiteElo "2397"]
[BlackElo "2353"]
[Annotator "TA"]
[PlyCount "144"]
[EventDate "2019.08.28"]
[EventType "swiss"]
[EventCountry "POR"]
[SourceTitle "playchess.com"]
[Source "ChessBase"]
[SourceQuality "1"]

{[%evp 10,144,32,34,29,35,40,-41,0,-25,-2,-2,-2,0,9,10,20,0,7,4,8,0,16,-13,0,-5,-17,-52,-42,-26,-46,-162,-158,-130,-71,-68,-57,-110,-101,-80,-91,-97,0,0,0,0,0,0,0,0,0,0,0,0,18,7,19,0,0,0,0,-213,-212,-261,-160,-147,-96,-139,-87,-179,-166,-258,-279,-274,-268,-262,-250,-332,-327,-321,-312,-358,-370,-523,-501,-488,-477,-529,-486,-463,-331,-372,-333,-532,-514,-547,-531,-625,-562,-658,-633,-572,-554,-539,-465,-534,-414,-701,-681,-659,-513,-492,-488,-29972,-29973,-1698,-824,-787,-796,-740,-736,-633,-638,-641,-488,-464,-461,-432,-426,-5311,-4805,-4809,-5239,-1737,-1737,-29971,-277]} 1. d4 Nf6 2. c4 b6 3. Nc3 Bb7 4. Qc2 d5 5. cxd5 Nxd5 6. e4 Nxc3 {A50: Queen's Fianchetto Defence (1 d4 Nf6 2 c4 b6)} 7. bxc3 e5 8. d5 (8. Nf3 $14) (8. Nf3 Nd7 9. Bc4 Bd6 10. Ng5 O-O 11. O-O Be7 12. f4 Bxg5 13. fxg5 Qe7 14. Bd3 exd4 15. cxd4 {½-½ (38) Le,Q (2737)-Iturrizaga Bonelli,E (2650) chess.com INT 2018}) 8... Bc5 {Black is slightly better.} 9. Nf3 O-O 10. Bd3 ({Of course not} 10. Nxe5 Re8 $17) 10... Nd7 11. O-O Qe7 12. c4 a5 $146 ({Predecessor:} 12... c6 13. Re1 Rac8 14. Bb2 {0-1 (33) Protopopova,A (2304)-Tomilova,E (2338) St Petersburg 2018}) 13. g3 Rfe8 14. Nh4 g6 15. Qe2 Ba6 16. Kh1 f6 17. Qg4 Qg7 $36 {[%mdl 2048] Black is pushing.} 18. Bb2 Bd4 19. Bxd4 exd4 20. f4 (20. Qd1 $15) 20... Nc5 21. Qf3 {[#]} Re7 ({Better is} 21... c6 $1 {[%mdl 512] ...cxd5 is the strong threat.} 22. Ng2 (22. dxc6 Qc7) 22... f5 $1 {[%mdl 512]}) 22. Rfe1 $17 Rae8 23. Rac1 (23. Rad1 $15) 23... Bc8 {aiming for ...Bg4!} 24. Bb1 g5 25. Ng2 {[#]} g4 (25... h5 $1 $17 {[%mdl 512]} 26. f5 (26. Qxh5 d3) 26... g4) 26. Qd1 $11 Nxe4 27. Qxd4 f5 28. Qxg7+ Kxg7 29. Kg1 Ba6 30. Ne3 Nd6 31. Kf2 Kf6 32. Bd3 Rd8 33. Rc2 h5 34. Rce2 {Threatens to win with Nxg4+!} Rde8 35. Rd2 $2 {[#]} (35. Kg2 $11 {and White is okay.}) 35... Bxc4 $1 $19 {[%mdl 576] Pin} 36. Bb1 (36. Bxc4 Rxe3) 36... Ba6 37. Rdd1 Rh8 ({Black should play} 37... b5 38. Bd3 Bb7) 38. Rc1 Bb5 (38... Bb7 $142 39. a4 Ba8) 39. Rc3 (39. Ng2 $17 {is a better defense.}) 39... h4 40. Bxf5 (40. Kg1 $142) 40... hxg3+ ({But not} 40... Nxf5 41. Nxg4+ Kf7 42. Ne5+ Kg8 43. g4 $19) 41. hxg3 Nxf5 42. Nxg4+ Kf7 43. Rxe7+ Kxe7 44. Rxc7+ Kd6 {[%mdl 64] Double Attack} 45. Rb7 Kc5 ({Don't take} 45... Kxd5 46. Rf7 $19) 46. Nf6 (46. a3 $142) 46... Nd6 47. Rc7+ Kd4 48. Kf3 Rf8 49. Ng4 Kxd5 50. Ne3+ Kd4 51. g4 (51. Nc2+ $142 Kd3 52. Ne3) 51... Re8 52. Nc2+ Kd3 53. Na3 Ba4 54. g5 Bd1+ 55. Kg2 {intending Rd7.} Nf5 56. Rd7+ Ke2 57. Nc4 Ba4 58. Rf7 (58. Rd2+ $142 Ke1 59. Rb2) 58... Bc2 59. g6 Nh4+ {[%mdl 64] Discovered Attack} 60. Kg3 Nxg6 61. Nxb6 (61. Rh7 $19 Nxf4 {[%mdl 64] Discovered Attack} 62. Rh2+ Kd3 63. Nxb6 Ne2+ 64. Kg2) 61... Rg8 62. Rf6 Ne5+ (62... Ne7+ $142 63. Kh4 Kf3) 63. Kh4 Nf3+ 64. Kh5 Rh8+ 65. Rh6 Rf8 66. Rc6 Be4 67. Re6 Rxf4 {[%csl Gf3][%cal Rf4h4]} 68. Kh6 Kd3 69. Nd7 (69. Kg7 $142) 69... Rh4+ 70. Kg7 Rh7+ 71. Kf6 Rxd7 72. a4 {[#]} Rf7+ $1 {Accuracy: White = 41%, Black = 52%.} 0-1

[Event "Guimaraes Open 2019"]
[Site "Guimaraes"]
[Date "2019.08.31"]
[Round "6.4"]
[White "Jimenez Martinez, Jose Vicente"]
[Black "Galego, Luis"]
[Result "1/2-1/2"]
[WhiteElo "2264"]
[BlackElo "2506"]
[Annotator "TA"]
[PlyCount "99"]
[EventDate "2019.08.28"]
[EventType "swiss"]
[EventCountry "POR"]
[SourceTitle "playchess.com"]
[Source "ChessBase"]
[SourceQuality "1"]

{[%evp 25,99,38,43,9,18,20,41,35,41,0,20,0,0,0,0,-8,0,-8,-23,-25,-16,-23,-24,-32,-7,0,20,-13,12,20,57,39,51,41,42,0,47,47,98,83,77,0,7,0,0,0,0,0,0,-35,-18,-18,-18,-54,-17,-18,-23,-19,-19,-38,0,0,0,0,0,0,81,81,88,0,0,0,0,0,0,0]} 1. d4 d6 2. c4 Nd7 3. Nc3 e5 4. Nf3 Ngf6 5. g3 c6 6. Bg2 Be7 7. O-O O-O 8. Qc2 Re8 9. b3 Bf8 10. e4 a6 11. a4 exd4 12. Nxd4 a5 13. h3 Nc5 14. Bb2 {A55: Old Indian Defence with Nf3 and e4} Qb6 (14... Na6 15. Rad1 Nb4 16. Qd2 Qb6 17. Rfe1 {½-½ (57) Timman,J (2620)-Lobron,E (2575) Brussels 1992}) 15. Rad1 Bd7 16. Kh2 $146 {White is slightly better.} ({Predecessor:} 16. Rfe1 Rad8 17. Kh2 Bc8 {1-0 (48) Caspi,I (2359)-Deutsch,E (2363) Herzliya 2006}) 16... Rad8 17. f4 Bc8 18. Kh1 g6 19. g4 Bg7 20. Rfe1 Re7 21. f5 Nfd7 22. Na2 Bf6 23. Bc3 Rde8 24. Nc1 Qc7 25. Re2 g5 26. Rde1 h6 27. Qd2 Bxd4 28. Bxd4 f6 29. Bc3 b6 $1 30. Rd1 Nb7 31. Nd3 Kf7 ({Better is} 31... Ne5 $14) 32. h4 $16 Ne5 33. Nxe5+ (33. Re3 $16) 33... dxe5 $11 34. Bf3 Rd7 35. Qc2 Rxd1+ 36. Qxd1 Rd8 37. Rd2 Rxd2 38. Qxd2 Nc5 39. b4 Nxa4 (39... axb4 {is interesting.} 40. Bxb4 Nxa4 41. Qa2 Nc5 42. Qa3 Qe7) 40. bxa5 Nxc3 41. axb6 Qxb6 42. Qxc3 gxh4 43. Qd2 Kg7 44. Qd6 {[#] Threatens to win with Qe7+.} Qa7 45. c5 Qb7 (45... Ba6 $1 $11) 46. Kh2 $16 Qd7 47. Qxd7+ (47. Kh3 $16) 47... Bxd7 $11 {The position is equal.} 48. Kh3 Kf8 49. Kxh4 Be8 50. Kg3 {Accuracy: White = 49%, Black = 41%.} 1/2-1/2